Statistics for Biggest Trading Partners - Denmark

Click here to take the quiz!

General Stats

  • This quiz has been taken 292 times
  • The average score is 16 of 18

Answer Stats

ExportsImportsCountry% Correct
15.7 bil22.8 bilGermany
100%
3.16 bil7.23 bilChina
99%
11.3 bil12.0 bilSweden
99%
6.69 bil3.69 bilUnited Kingdom
99%
4.74 bil2.89 bilUnited States
99%
6.33 bil5.19 bilNorway
98%
3.33 bil3.05 bilFrance
96%
2.41 bil3.28 bilItaly
96%
0.827 bil1.80 bilRussia
96%
1.94 bil1.83 bilSpain
96%
2.03 bil1.38 bilFinland
95%
2.98 bil4.01 bilPoland
95%
1.45 bilJapan
92%
4.65 bil7.80 bilNetherlands
92%
1.68 bil2.97 bilBelgium
89%
1.15 bilSouth Korea
77%
1.53 bilCzech Republic
64%
0.960 bilAustralia
62%

Score Distribution

Percentile by Number Answered

Percent of People with Each Score

Your Score History

You have not taken this quiz